00461nam a2200181Ia 4500008004100000020001800041050001400059100002100073245003000094245005600124260001500180260001600195260000900211300001400220300002700234300001000261500000800271170918s9999 xx 000 0 und d a9780439539418 bF597 2002 aFleming, Candace aMuncha! Muncha! Muncha! / cby Candace Fleming ; illustrated by G. Brian Karas. aNew York : bScholastic, c2002 aunpaged : bcolored illustration ; c26cm. a560